000 01600nam0a2200325 4500
001 RU\NLR\bibl\58011
005 20260407114205.0
010 _a5-7662-0063-3
_93000
021 _aRU
_b98-20643
_9979
035 _a(NLR Aleph) 000056566
090 _a306061
_c306062
100 _a19991111d1998 |||y0rusy50 ca
101 0 _arus
102 _aRU
105 _ay |||||||||
200 1 _aСправочник преподавателя общественных дисциплин
_fМ-во общ. и проф. образования Рос.Федерации
_g[Авт.-сост. Е.Е. Вяземский, к.ист.н., Т.И. Тюляева]
210 _aМ.
_cЦентр гуманит. образования
_d1998
215 _a223,[1] c.
_d21
320 _aБиблиогр. в тексте
606 0 _aОбщественные науки
_jСправочники
_xМетодика преподавания
_xСредняя школа
_91745317
_3RU\NLR\auth\66781296
606 0 _aОбщественные науки
_jСправочники
_xПреподавание
_xСредняя школа
_91746877
_3RU\NLR\auth\66782164
686 _aЧ426.305,6(2)-2
702 1 _aВяземский
_bЕ. Е.
_gЕвгений Евгеньевич
_4220
712 0 1 _4570
_aРоссийская Федерация
_bМинистерство общего и профессионального образования
_3RU\NLR\AUTH\889946499
_9388575
801 0 _aRU
_bNLR
_c19991111
_gPSBO
801 1 _aRU
_bNLR
_c19991111
852 _aNLR
_j99-3/6964
942 _cBOOK
980 _aNB